| 000 | 00000nam 2200000za 4500 |
| 001 | 9.674487 |
| 003 | CaOODSP |
| 005 | 20210624224754 |
| 007 | cr ||||||||||| |
| 008 | 150407s2000 xxc|||||o f|0| 0 eng d |
| 040 | |aCaOODSP|beng |
| 041 | |aeng |
| 041 | |afre |
| 043 | |an-cn--- |
| 086 | 1 |aS53-37/2000-PDF |
| 110 | 1 |aCanada. |bPublic Works and Government Services Canada. |bTranslation Bureau. |
| 245 | 10|aGlossary of student loans |h[electronic resource] / |c[by] Berthe Dunlevie. |
| 260 | |aOttawa : |bPublic Works and Government Services Canada, |c2000. |
| 300 | |a279 p. |
| 500 | |a"...contains 1,455 entries and a number of definitions and observations. The base list comes from several departmental publications on equal access to post-secondary education for all Canadians and financial assistance to students." -- Introd. |
| 504 | |aBibliography. |
| 590 | |a06-10|b2006-03-10 |
| 700 | 1 |aDunlevie, Berthe. |
| 792 | |tLexique des prêts aux étudiants |efre|w(CaOODSP)9.674488 |
| 856 | 40|ahttp://publications.gc.ca|qPDF|s1.61 MB|uhttps://publications.gc.ca/collections/Collection/S53-37-2000.pdf |